000 00538nam a22001817a 4500
005 20180412115628.0
010 _aENG-122559
020 _a9788184305111
_c600.00
035 _aEN-106091
037 _bDBAD/PUB
082 _a480
100 _aSinha, N.C.
245 _aReading comprehension :
_cby N.C. Sinha
_bfor competitive exams. /
260 _aNew Delhi
_bOcean Books Pvt. Ltd.
_c2017
270 _a4/19, Asaf Ali Road,
_bNew Delhi
_e110002
300 _a304 p.
_c21cm.(Hb)
_bill.
942 _2ddc
_cEN
_mSIN
_h480
999 _c151114
_d151114